Datum a čas kvízu

20 Celkem bodů Celkový počet nahraných bodů na tomto kvízu bez doplňovacích otázek.
7. Pořadí na kvízu Konečné umístění týmu na tomto kvízu.

Zaznamenané odpovědi

# Otázka Odpověď Body Výsledky
1. Minulý týden bylo rozhodnuto o... Guru Jára (Óm Nadsamec) 1
2. Malé městečko Robbinsville mez... hinduismus 0
3. Od čtvrtka do neděle probíhala... Signal (Festival) 0
4. Společnost Microsoft v pátek d... Activision Blizzard 0
5. Napište, ve kterém sportu získ... plážový volejbal, Mexiko 1
6. Že se pravěk tradičně dělí na... halštatská, laténská 0
7. Lovci mamutů od Eduarda Štorch... Kopčem 0
8. Znáte seriál pro nejmenší na o... O človíčkovi 0
9. Uveďte českou podobu druhového... moudrý (i rozumný) 0
10. Ve kterém státě najdeme jeskyn... ve Francii 1